O corsário negro (Registo nº 1817)
[ vista simples ]
| 000 -Etiqueta do registo | |
|---|---|
| Cabeçalho | 00715nam a22002651 4500 |
| 005 - Identificador da versão | |
| Campo de controlo | 20240813121917.0 |
| 021 ## - Número do Depósito Legal | |
| Código do país | PT |
| 100 ## - Dados gerais de processamento | |
| Dados gerais de processamento | 20070511d1983 de y0pory5003 ba |
| 102 ## - Pais de publicação ou produção | |
| País de publicação | Portugal |
| 101 1# - Língua de publicação | |
| Língua do texto, banda sonora, etc. | Português |
| 106 ## - Campo de dados codificados: material textual | |
| Dados codificados do material textual | r |
| 105 ## - Campo de dados codificados: livros | |
| Dados codificados dos livros | a t 000ay |
| 215 ## - Descrição física | |
| Indicação específica da natureza do documento e extensão da espécie | [30] p. |
| Outras indicações físicas | todo il. |
| Dimensões | 27 cm |
| 200 1# - Titulo e menção de responsabilidade | |
| Título próprio | O corsário negro |
| Primeira menção de responsabilidade | Emilio Salgari |
| 225 2# - Colecção | |
| Título próprio da colecção | Grandes Clássicos Editora |
| Indicação de volume | 6 |
| 210 ## - Publicação, Distribuição, etc. | |
| Lugar da edição, distribuição, etc. | Porto |
| Nome do editor, distribuidor, etc. | Porto Editora |
| Data da publicação, distribuição, etc. | imp. 1983 |
| 606 ## - Nome comum usado como assunto | |
| Número de registo de entrada de autoridade | 0000226 |
| Palavra de ordem | Literatura estrangeira infanto-juvenil |
| Subdivisão de assunto | Banda desenhada |
| 675 ## - Classificação Decimal Universal (CDU) | |
| Notação | 82-9 |
| Edição | 2ª |
| Língua da edição | por |
| 700 #1 - Nome de autor-pessoa física (responsabilidade principal) | |
| Número de registo de entrada de autoridade | 0000337 |
| Palavra de ordem | Salgari |
| Outra parte do nome não tomada para palavra de ordem | Emilio |
| 942 ## - Elementos de entrada adicionados (Koha) | |
| Tipo de item no Koha | Livro |
| Situação do levantamento | Origin of item (home branch) (coded) | Biblioteca de empréstimo | Código de barras | Cota | Circulation type (not for loan) | Tipo de documento | Nota do exemplar | Damaged status |
|---|---|---|---|---|---|---|---|---|
| Biblioteca Escolar da Coca Maravilhas | Biblioteca Escolar da Coca Maravilhas | BECM4556/99 | 8BD SAL | Livro | Sem mensagem |
